Couleurs des 5 anneaux olympiques - Click quiz - Statistiques

Statistiques générales
  • Ce quiz a été pris 69 fois
    42 depuis la dernière actualisation
  • Le résultat moyen est 2 sur 6
Statistiques - réponses
Hint Réponse % Correct
Haut milieu Noir
51%
Bas droite Vert
40%
Haut gauche Bleu
37%
Bas milieu Intru
34%
Bas gauche Jaune
34%
Haut droite Rouge
34%
Aucun quiz correspondant
Distribution des résultats
% des personnes avec chaque résultat
Percentile par nombre de réponses
Votre historique - résultats
Vous n’avez pas pris ce quiz depuis la dernière actualisation